000 00456cam a22001337a 4500
008 180718b1981 xxu||||| |||| 00| 0 eng d
082 _aA6x5452 T519
100 _aTirumalai, R.
245 _aStudies in the history of ancient townships of Pudukkottai
_cby R. Tirumalai
260 _aMadras
_bInstitute of Epigraphy
_c1981
300 _a414+30p.
500 _aA published of the Tamil Nadu State Department of Archaeology Madras
650 _aMadras - History
999 _c355598
_d355598